| 000 | 00852nam a22003010a 4500 | ||
|---|---|---|---|
| 001 | PT58487 | ||
| 003 | AR-LpoUNG | ||
| 005 | 20210131231859.0 | ||
| 008 | 191001s2006||||xxk|||||||||||||||||spa d | ||
| 020 |
_a9789871576197 _c$12 |
||
| 040 |
_aAR-LpoUNG _bspa _cAR-LpoUNG _eaacr |
||
| 041 |
_aspa _aeng |
||
| 044 | _axxk | ||
| 082 | 0 | _aR428 924wor | |
| 245 | 1 | 4 |
_aThe Wordsworth : _benglish-spanish spanish-english : dictionary |
| 260 |
_aHertfordshire : _bWordsworth, _c2006. |
||
| 300 |
_a972 p. : _bgráfs., tbls. |
||
| 650 | 4 | _aDICCIONARIOS | |
| 650 | 4 | _aLENGUA ESPAÑOLA | |
| 650 | 4 | _aLENGUA INGLESA | |
| 650 | 4 | _aMATERIAL DE REFERENCIA | |
| 651 | 4 | _aDOCUMENTOS TEORICOS O METODOLOGICOS | |
| 653 | _aDICCIONARIOS BILINGÜES | ||
| 653 | _aDICCIONARIOS DE INGLES | ||
| 710 | 2 | _aWordsworth (London) | |
| 905 | _a58487 | ||
| 942 | _cLSALA | ||
| 999 |
_c12386 _d12386 |
||